|
|
|
|
| LEADER |
03006nam a22005655i 4500 |
| 001 |
978-3-319-24399-3 |
| 003 |
DE-He213 |
| 005 |
20160121161602.0 |
| 007 |
cr nn 008mamaa |
| 008 |
151015s2015 gw | s |||| 0|eng d |
| 020 |
|
|
|a 9783319243993
|9 978-3-319-24399-3
|
| 024 |
7 |
|
|a 10.1007/978-3-319-24399-3
|2 doi
|
| 040 |
|
|
|d GrThAP
|
| 050 |
|
4 |
|a QA76.76.A65
|
| 072 |
|
7 |
|a UB
|2 bicssc
|
| 072 |
|
7 |
|a COM018000
|2 bisacsh
|
| 082 |
0 |
4 |
|a 004
|2 23
|
| 245 |
1 |
0 |
|a Information Systems for Crisis Response and Management in Mediterranean Countries
|h [electronic resource] :
|b Second International Conference, ISCRAM-med 2015, Tunis, Tunisia, October 28-30, 2015, Proceedings /
|c edited by Narjès Bellamine Ben Saoud, Carole Adam, Chihab Hanachi.
|
| 250 |
|
|
|a 1st ed. 2015.
|
| 264 |
|
1 |
|a Cham :
|b Springer International Publishing :
|b Imprint: Springer,
|c 2015.
|
| 300 |
|
|
|a XIX, 217 p. 51 illus. in color.
|b online resource.
|
| 336 |
|
|
|a text
|b txt
|2 rdacontent
|
| 337 |
|
|
|a computer
|b c
|2 rdamedia
|
| 338 |
|
|
|a online resource
|b cr
|2 rdacarrier
|
| 347 |
|
|
|a text file
|b PDF
|2 rda
|
| 490 |
1 |
|
|a Lecture Notes in Business Information Processing,
|x 1865-1348 ;
|v 233
|
| 520 |
|
|
|a This book constitutes the refereed proceedings of the Second International Conference on Information Systems for Crisis Response and Management in Mediterranean Countries, ISCRAM‐med 2015, held in Tunis, Tunisia, in October 2015. The objectives of the ISCRAM‐med conference are to provide an outstanding opportunity and an international forum for local and international researchers, practitioners, and policy makers to address and discuss new trends and challenges with respect to information systems for crisis response and disaster management. The 14 full papers and 4 short papers presented in this volume were carefully reviewed and selected from 41 submissions. They are organized in topical sections on social computing, modeling and simulation, information and knowledge management, engineering of emergency management systems, and decision support systems and collaboration. .
|
| 650 |
|
0 |
|a Computer science.
|
| 650 |
|
0 |
|a Knowledge management.
|
| 650 |
|
0 |
|a Organization.
|
| 650 |
|
0 |
|a Planning.
|
| 650 |
|
0 |
|a Natural disasters.
|
| 650 |
|
0 |
|a Computer simulation.
|
| 650 |
|
0 |
|a Application software.
|
| 650 |
1 |
4 |
|a Computer Science.
|
| 650 |
2 |
4 |
|a Computer Applications.
|
| 650 |
2 |
4 |
|a Simulation and Modeling.
|
| 650 |
2 |
4 |
|a Knowledge Management.
|
| 650 |
2 |
4 |
|a Natural Hazards.
|
| 650 |
2 |
4 |
|a Organization.
|
| 700 |
1 |
|
|a Bellamine Ben Saoud, Narjès.
|e editor.
|
| 700 |
1 |
|
|a Adam, Carole.
|e editor.
|
| 700 |
1 |
|
|a Hanachi, Chihab.
|e editor.
|
| 710 |
2 |
|
|a SpringerLink (Online service)
|
| 773 |
0 |
|
|t Springer eBooks
|
| 776 |
0 |
8 |
|i Printed edition:
|z 9783319243986
|
| 830 |
|
0 |
|a Lecture Notes in Business Information Processing,
|x 1865-1348 ;
|v 233
|
| 856 |
4 |
0 |
|u http://dx.doi.org/10.1007/978-3-319-24399-3
|z Full Text via HEAL-Link
|
| 912 |
|
|
|a ZDB-2-SCS
|
| 950 |
|
|
|a Computer Science (Springer-11645)
|